000 01451nam a22003017a 4500
003 DO-SdBNP
005 20231102153240.0
006 a||||gr|||| 00| 0
007 ta
008 231102e2018 dr ah||| |||| 00| 0 spa d
020 _a9789945169225
040 _aDO-SdBNP
_bspa
_cBNPHU
_erda
082 4 _222
_bF141a
245 1 0 _aFacilitando el acceso al registro civil dominicano a descedientes de parejas mixtas:
_bprotocolo para su acompañamiento legal. /
_cDomingo Rincón, Natalia Riveros
264 4 _aSanto Domingo :
_bOBMICA,
_c2018
300 _a73 páginas :
_bIlustraciones ;
_c27 cm.
336 _2rdacontent
_atexto
_btxt
337 _2rdamedia
_asin mediación
_bn
338 _2rdacarrier
_avolumen
_bnc
500 _aIncluye abreviaciones/
500 _aIncluye bibliografía y notas en el pie de páginas.
504 _aBibliografía: páginas 61- 63
505 _aAbreviaciones.-- Introducción.
_t¿Cuándo surge una pareja mixta?.--
_tEl derecho a la nacionalidad dominicana de hijos e hijas de parejas mixtas.--
_t¿Por qué consideramos a descendientes de parejas mixtas como una población de interés.--
_tPasos y recomendaciones para el acompañamiento de parejas mixtas.--
_tRecomendaciones.--
_tBibliografía.--
_tAnexos.
590 _aInventariado 2023 / MF
700 1 _aRiveros, Natalia,
_942979
_eautora
710 2 _aCentro para la Observación Migratoria y el Desarrollo Social en el Caribe.
_976390
942 _2ddc
_cLBS1
999 _c55389
_d55389